[Event "Interzonal-11a playoff place 3"]
[Site "Budapest"]
[Date "1979.10.29"]
[Round "4"]
[White "Adorjan, Andras"]
[Black "Ribli, Zoltan"]
[Result "1-0"]
[WhiteElo "2525"]
[BlackElo "2595"]
[Annotator "ChessBase"]
[PlyCount "43"]
[EventDate "1979.10.20"]
[EventType "match"]
[EventRounds "6"]
[EventCountry "HUN"]
[SourceTitle "IZT"]
[Source "ChessBase"]
[SourceDate "1999.07.01"]
[SourceVersion "1"]
[SourceVersionDate "1999.07.01"]
[SourceQuality "1"]

1. e4 {[%mdl 1]} c5 2. Nf3 d6 3. d4 cxd4 4. Nxd4 Nf6 5. Nc3 a6 6. Be3 e5 7. Nb3
Be6 8. Qd2 Nbd7 9. f3 Rc8 10. g4 Be7 11. O-O-O Nb6 12. h4 O-O 13. h5 Nc4 14.
Bxc4 Rxc4 15. g5 Nd7 {[#]} 16. Rdg1 Qc7 17. g6 Rc8 18. Bh6 Bf6 19. gxh7+ Kxh7
20. Bxg7 Bxg7 21. h6 Bf6 {[#]} 22. Qg2 {[#]} (22. Qg2 Qd8 23. Qg7+ Bxg7 24.
hxg7+ Kg8 25. Rh8# {[#]}) 1-0

[Event "World Cup"]
[Site "Rotterdam"]
[Date "1989.??.??"]
[Round "?"]
[White "Nunn, John DM"]
[Black "Ljubojevic, Ljubomir"]
[Result "1-0"]
[WhiteElo "2620"]
[BlackElo "2580"]
[Annotator "ChessBase"]
[PlyCount "71"]
[EventDate "1989.06.??"]
[EventType "tourn"]
[EventRounds "15"]
[EventCountry "NED"]
[EventCategory "15"]
[SourceTitle "CBM 013"]
[Source "ChessBase"]
[SourceDate "1989.12.01"]
[SourceVersion "1"]
[SourceVersionDate "1989.12.01"]
[SourceQuality "1"]

1. e4 c5 2. Nf3 d6 3. d4 cxd4 4. Nxd4 Nf6 5. Nc3 a6 6. Be3 e5 7. Nf3 Qc7 8. a4
h6 $6 (8... Be7 9. a5 O-O 10. Be2 h6 11. O-O Be6 12. Nd5 Nxd5 13. exd5 Bf5 14.
c4 Bh7 15. b4 Nd7 16. Rc1 Rac8 17. Qb3 Kh8 18. Nd2 f5 19. f3 Qd8 20. Rfd1 Bg5 {
Nunn,J-Howell,J/London Lloyds Bank/1985/1-0/} 21. c5 $1 $16 {Chandler}) 9. a5
Be6 10. Nd5 $1 (10. Be2 Qc6 $1 11. Nd2 Nbd7 12. O-O Be7 $10) 10... Bxd5 (10...
Nxd5 11. exd5 Bf5 12. c4 {-> 8...Be7 /Nunn,J-Howell,J/} (12. Bd3 $5 e4 13. Nd4
exd3 14. Nxf5 Qxc2 15. Qxc2 dxc2 16. Rc1 $16)) 11. exd5 Nbd7 12. Be2 (12. c4 $2
Be7 {12...Ng4!} 13. Be2 Ng4 $1 14. Bd2 $6 {>= 14.Bc1} Qc5 15. O-O e4 16. b4 Qa7
$1 17. Ne1 Nxf2 18. Rxf2 e3 19. Bxe3 Qxe3 $13 {Chandler,M-Hodgson,J/BCF-ch/
1984/1-0/59/}) 12... g6 $2 (12... Be7 13. O-O O-O 14. c4 Nh7 $1 {Analysis by
Jacoby,Gisbert:The New Anti-Najdorf: 6 Be3!.TUI.1986. page 13.} 15. b4 f5 16.
Qb1 $5 (16. Qb3 Bf6) (16. c5 f4)) (12... e4 $2 13. Nd4 Nxd5 14. Nb5 $16 {
Jacoby, page 13.}) 13. O-O Bg7 14. c4 O-O 15. Nd2 Nh7 (15... e4 16. b4 Ne5 17.
Rc1 Qd7 18. h3 Rae8 19. Qb3 g5 20. c5 $16 {Ivanov,A-Kengis/URS/1984/1-0/
Jacoby,p.13}) 16. b4 e4 (16... f5 17. f3 f4 18. Bf2 e4 19. Nxe4 Bxa1 20. Qxa1
$44) 17. Rc1 f5 18. f4 exf3 19. Nxf3 Rae8 {>= 19...Rfe8} 20. Bf2 Ng5 21. c5
dxc5 22. Nxg5 hxg5 23. d6 Qc8 24. bxc5 g4 25. Bxa6 $1 bxa6 26. c6 Be5 $1 (26...
Rd8 27. Re1 Rfe8 28. Re7 $1 $18) 27. Re1 Bf6 28. Qd5+ Kg7 29. Red1 Re5 30. Qd3
Nc5 31. Bxc5 Qxc6 32. Bb6 Qb5 33. Qxb5 Rxb5 34. d7 Bd8 35. Bxd8 Rxd8 36. Rc8
1-0

[Event "Primavara"]
[Site "Bucharest"]
[Date "1998.??.??"]
[Round "6"]
[White "Iordachescu, Viorel"]
[Black "Vajda, Levente"]
[Result "0-1"]
[WhiteElo "2520"]
[BlackElo "2440"]
[Annotator "ChessBase"]
[PlyCount "48"]
[EventDate "1998.??.??"]
[EventType "tourn"]
[EventRounds "15"]
[EventCountry "ROU"]
[EventCategory "9"]
[SourceTitle "EXT 1999"]
[Source "ChessBase"]
[SourceDate "1998.11.16"]
[SourceVersion "1"]
[SourceVersionDate "1998.11.16"]
[SourceQuality "1"]

1. e4 c5 2. Nf3 d6 3. d4 cxd4 4. Nxd4 Nf6 5. Nc3 a6 6. Be3 e5 7. Nb3 Be6 8. f3
Nbd7 9. Qd2 Be7 10. g4 O-O 11. O-O-O b5 12. g5 b4 13. Na4 Nh5 14. Qxb4 d5 15.
Nac5 d4 16. Nxe6 fxe6 17. Qc4 dxe3 18. Bh3 $2 (18. Qxe6+ Kh8 (18... Rf7 19. Bc4
) 19. Rxd7 Bxg5 20. Bc4 (20. Bxa6 Qf6 21. Qxf6 Nxf6 22. Rd6 Nxe4 $1 $132 23.
fxe4 $2 Rxa6 24. Rxa6 Rf1+ 25. Rxf1 e2+ $19) 20... Qf6 21. Qxf6 Nxf6 22. Rd6)
18... Kh8 19. Bxe6 Ra7 20. h4 Nf4 21. Kb1 e2 22. Rd2 Qe8 23. Bg4 Nb6 24. Qc3
Qb5 0-1

[Event "Ciocaltea Memorial"]
[Site "Bucharest"]
[Date "1998.??.??"]
[Round "13"]
[White "Iordachescu, Viorel"]
[Black "Florean, Andrei"]
[Result "1-0"]
[WhiteElo "2520"]
[BlackElo "2455"]
[Annotator "ChessBase"]
[PlyCount "74"]
[EventDate "1998.02.??"]
[EventType "tourn"]
[EventRounds "13"]
[EventCountry "ROU"]
[EventCategory "11"]
[SourceTitle "CBM 064"]
[Source "ChessBase"]
[SourceDate "1998.06.02"]
[SourceVersion "1"]
[SourceVersionDate "1998.06.02"]
[SourceQuality "1"]

1. e4 c5 2. Nf3 d6 3. d4 cxd4 4. Nxd4 Nf6 5. Nc3 a6 6. Be3 e5 7. Nb3 Be7 8. f3
Be6 9. Qd2 Nbd7 10. g4 b5 11. g5 Nh5 12. O-O-O Nb6 13. Nd5 Nxd5 14. exd5 Bd7
15. Na5 Qc7 16. Kb1 O-O 17. Rg1 f5 18. Be2 Rfc8 19. f4 Nxf4 20. Bxf4 exf4 21.
Bf3 g6 22. Nc6 Bf8 23. h4 Re8 24. Qxf4 Qb6 25. Nd4 Bg7 26. Ne6 Rac8 27. Qd2 Rc4
28. Rge1 Be5 29. h5 Rh4 $138 30. Rh1 Rxh1 31. Bxh1 Rc8 32. Bf3 Rc4 33. Rh1 Bg3
34. a3 Rh4 35. Rxh4 Qg1+ 36. Ka2 Bxh4 37. Qc3 Qf1 (37... Bxe6 38. h6 (38. dxe6
Qxg5 39. e7 Kf7 40. Bd5+ Kxe7 41. Qc7+ Ke8 $11) 38... Qa7 39. dxe6 Qe7 40. Bd5
$18) (37... Qf1 38. Qg7#) 1-0

[Event "Khanty-Mansiysk FIDE GP (Women)"]
[Site "Khanty-Mansiysk"]
[Date "2014.04.14"]
[Round "5"]
[White "Kosintseva, Tatiana"]
[Black "Lagno, Kateryna"]
[Result "1/2-1/2"]
[WhiteElo "2496"]
[BlackElo "2543"]
[Annotator "ChessBase Website"]
[PlyCount "95"]
[EventDate "2014.04.09"]
[EventType "tourn"]
[EventRounds "11"]
[EventCountry "RUS"]
[EventCategory "10"]
[SourceTitle "CBM 160"]
[Source "ChessBase"]
[SourceDate "2014.05.15"]
[SourceVersion "1"]
[SourceVersionDate "2014.05.15"]
[SourceQuality "1"]
[TimeControl "40/5400+30:1800+30"]
[WhiteClock "1:30:00"]
[BlackClock "1:30:00"]

1. e4 {[%emt 0:00:00]} c5 {[%emt 0:00:00]} 2. Nf3 {[%emt 0:00:00]} d6 {[%emt 0:
00:10]} 3. d4 {[%emt 0:00:00]} cxd4 {[%emt 0:00:07]} 4. Nxd4 {[%emt 0:00:00]}
Nf6 {[%emt 0:00:09]} 5. Nc3 {[%emt 0:00:09]} a6 {[%emt 0:00:10]} 6. h3 {
[%emt 0:00:25]} e5 {[%emt 0:00:35]} 7. Nde2 {[%emt 0:00:19]} b5 {[%emt 0:00:22]
} 8. Ng3 {[%emt 0:16:27]} (8. Bg5 Nbd7 9. Nd5 Bb7 10. Nec3 Be7 11. Bxf6 Bxf6
12. a4 bxa4 13. Rxa4 O-O 14. Bc4 Nc5 15. Ra2 Kh8 16. O-O Bg5 17. Qe2 a5 18. Rd1
Rb8 19. Rda1 Bc6 20. Bb5 Bxb5 21. Nxb5 Qd7 22. c4 Nb3 23. Rd1 Nc1 24. Rxc1 Bxc1
25. Rxa5 Qc6 26. Ra1 Bg5 27. Ra7 Bd8 28. Kh2 f5 29. b3 fxe4 30. Qxe4 Bb6 31.
Ra6 Rxf2 32. Qg4 Rff8 33. Nxb6 Rxb6 34. Ra7 Rb7 35. Rxb7 Qxb7 36. Nxd6 Qe7 37.
c5 h6 {Heberla,B (2556)-Antoniewski,R (2550) Czechia 2014 1/2-1/2}) 8... Be6
$146 {[%emt 0:02:14]} (8... Bb7 9. Be2 Nbd7 10. O-O g6 11. Bf3 b4 12. Na4 Qa5
13. b3 Rc8 14. Bd2 d5 15. exd5 Bxd5 16. c4 bxc3 17. Bxc3 Bxf3 18. Qxf3 Qd5 19.
Qe3 Qe6 20. Rac1 Nd5 21. Ba5 Rxc1 22. Qxc1 f5 23. Rd1 Kf7 24. Qc8 N7f6 25. Qb7+
Be7 26. Rc1 e4 27. Ne2 Qe5 28. Nb6 e3 29. f3 Rb8 30. Nc4 Rxb7 31. Nxe5+ Ke6 32.
Nd3 Kd6 33. Nd4 Nc7 34. Rc6+ Kd5 35. Nf4+ Ke5 36. Bxc7+ Kxd4 37. Rc4# {1-0 (37)
Conquest,S (2546)-Oswald,G (2147) Great Yarmouth 2007}) 9. Bg5 {[%emt 0:02:46]}
Nbd7 {[%emt 0:03:59]} 10. Nh5 {[%emt 0:10:38]} Qa5 {[%emt 0:31:21]} 11. Bxf6 {
[%emt 0:14:50]} Nxf6 {[%emt 0:00:32]} 12. Nxf6+ {[%emt 0:00:13]} gxf6 {[%emt 0:
00:04]} 13. Bd3 {[%emt 0:15:19]} b4 {[%emt 0:05:21]} 14. Nd5 $5 {[%emt 0:05:29]
Kosintseva's pawn sacrifice out of the opening netted her a slight initiative
on the light squares, fueled by the presence of opposite colored bishops.
However Lagno's Sveshnikov-type structure provided her plenty of counterplay,
she sacrificed her extra pawn back to force and endgame that she had no
problems holding.} Bxd5 {[%emt 0:04:41]} 15. exd5 {[%emt 0:00:05]} Qxd5 {
[%emt 0:00:56]} 16. Qe2 {[%emt 0:01:45]} Qc6 {[%emt 0:01:15]} 17. f4 $44 {
[%emt 0:02:00][%cal Ge2e8]} Bg7 {[%emt 0:07:31]} 18. O-O {[%emt 0:11:56]} O-O {
[%emt 0:04:57]} 19. Bf5 {[%emt 0:01:08]} h6 {[%emt 0:07:06]} 20. Rad1 {[%emt 0:
03:16]} Rfe8 {[%emt 0:05:41]} 21. fxe5 {[%emt 0:06:13]} Qc5+ {[%emt 0:04:08]}
22. Kh1 {[%emt 0:00:10]} Rxe5 {[%emt 0:02:21]} 23. Qg4 {[%emt 0:01:39]} Rae8 {
[%emt 0:01:30]} 24. Rd3 {[%emt 0:01:31]} Re1 {[%emt 0:02:41]} 25. Rdf3 {
[%emt 0:00:37]} a5 {[%emt 0:01:11]} 26. b3 {[%emt 0:02:12]} Rxf1+ {[%emt 0:04:
07]} 27. Rxf1 {[%emt 0:00:03]} Qc3 {[%emt 0:01:01]} 28. Bd3 {[%emt 0:03:07]}
Re1 {[%emt 0:00:24]} 29. Qf5 {[%emt 0:01:04]} Qe5 {[%emt 0:02:05]} 30. Rxe1 {
[%emt 0:00:59]} Qxe1+ {[%emt 0:00:05]} 31. Kh2 {[%emt 0:00:02]} Qe5+ {[%emt 0:
00:20]} 32. g3 {[%emt 0:00:33]} Qxf5 {[%emt 0:02:16]} 33. Bxf5 {[%emt 0:00:03]}
Kf8 {[%emt 0:01:35]} 34. g4 {[%emt 0:00:55]} Ke7 {[%emt 0:00:28]} 35. Kg3 {
[%emt 0:00:02]} d5 {[%emt 0:00:14]} 36. Kf4 {[%emt 0:00:22]} Kd6 {[%emt 0:01:
04]} 37. Bc8 {[%emt 0:00:36]} f5 {[%emt 0:03:16]} 38. Kxf5 {[%emt 0:00:53]} Bc3
{[%emt 0:00:14]} 39. h4 {[%emt 0:00:46]} f6 {[%emt 0:01:26]} 40. Kg6 {[%emt 0:
00:00]} Be1 {[%emt 0:00:00]} 41. h5 {[%emt 0:09:58]} Bd2 {[%emt 0:00:56]} 42.
Kxf6 {[%emt 0:00:13]} Bg5+ {[%emt 0:00:15]} 43. Kf5 {[%emt 0:00:17]} Bd2 {
[%emt 0:00:30]} 44. Ba6 {[%emt 0:01:31]} Bg5 {[%emt 0:00:31]} 45. Bb7 {[%emt 0:
03:47]} Bd2 {[%emt 0:00:23]} 46. Ba6 {[%emt 0:00:53]} Bg5 {[%emt 0:00:06]} 47.
Bb7 {[%emt 0:00:06]} Bd2 {[%emt 0:00:07]} 48. Ba6 {[%emt 0:00:05]} 1/2-1/2

[Event "EU-Cup 17th"]
[Site "Panormo"]
[Date "2001.09.28"]
[Round "6.5"]
[White "Motylev, Alexander"]
[Black "Colovic, Aleksandar"]
[Result "1-0"]
[WhiteElo "2627"]
[BlackElo "2384"]
[Annotator "Colovic,A"]
[PlyCount "115"]
[EventDate "2001.09.22"]
[EventType "team-swiss"]
[EventRounds "7"]
[EventCountry "GRE"]
[SourceTitle "CBM 084 Extra"]
[Source "ChessBase"]
[SourceDate "2001.10.26"]
[SourceVersion "1"]
[SourceVersionDate "2001.10.26"]
[SourceQuality "1"]
[WhiteTeam "Tyumen"]
[BlackTeam "Skopje Alkaloid"]
[WhiteTeamCountry "RUS"]
[BlackTeamCountry "MKD"]

1. e4 c5 2. Nf3 d6 3. d4 cxd4 4. Nxd4 Nf6 5. Nc3 a6 6. f3 e5 7. Nb3 Be6 8. Be3
Be7 9. Qd2 O-O 10. O-O-O Nbd7 11. g4 b5 12. g5 Nh5 13. Nd5 Bxd5 14. exd5 f5 15.
gxf6 (15. Na5 $5 f4 16. Bf2 Bxg5 17. Nc6 (17. Bh3 e4 18. Bxd7 Qxd7 19. fxe4
Rae8) 17... Qe8 (17... Qf6 18. Bh3 Nb8 (18... Nc5 $2 19. Bg4 $1 e4 $140 20.
Bxc5 $18) 19. Rhg1 $44) 18. Bh3 Bd8 19. Rhg1 $44) 15... Bxf6 16. Na5 Qc7 (16...
Nf4 $1 17. Nc6 Qc7 18. Kb1 (18. Bxf4 exf4 $11) (18. Bd3 Nxd3+ $1 19. Qxd3 Nb6)
18... Nb6 19. Bxb6 Qxb6 20. Bd3 Nxd3 $1 21. Qxd3 Bg5 $132) 17. Bd3 (17. Kb1) (
17. Nc6) 17... Nb6 (17... Nf4 18. Be4 Nb6 (18... Nc5 19. Nc6) 19. Bxb6) 18.
Bxb6 $1 Qxb6 19. Nc6 Qc5 (19... Nf4 20. Qb4 Nxd5 21. Qb3 Qxc6 22. Be4 $1) 20.
Rhg1 Nf4 21. Be4 a5 $1 22. Kb1 (22. Nxa5 $2 Rxa5 23. b4 Ne2+ 24. Qxe2 (24. Kb1
Nc3+ $19) 24... Qxb4 $19) 22... b4 23. Rg4 Rf7 (23... Bd8 24. Qe1 $5 Bb6 25.
Qh4) 24. h4 Bd8 25. h5 Bb6 26. Bf5 $5 Re8 (26... Kh8 27. Be6 Rf6) 27. Be4 (27.
Rg5 h6) 27... Ra8 (27... Qf2 28. Qxf2 Bxf2 29. Nxa5 Nxh5 30. Nc6 Bc5 31. c3 $1
bxc3 32. b4 $1 $16) 28. Rh1 Qf2 29. Qd1 Re8 (29... Kh8 30. Bg6 Rf6 31. Rgh4 Qc5
$11 32. Be4 $140 a4 33. R4h2 Rf7 34. c3 bxc3 (34... b3 35. axb3 (35. a3 $145 $8
) 35... a3 (35... axb3 36. Qxb3) 36. bxa3 Qxa3 37. Rb2 {;} Ng2 $145 $19) 35.
Rc2 Ba5 36. Nxa5 Qxa5 37. Rxc3 h6 $132) (29... Qc5 30. Bg6 Rc7 31. Be4 Rf7 32.
Rgh4 Ng2 33. R4h2 Ne3 34. Qd3 (34. Qe1 Nxd5) 34... h6 35. Rc1 (35. c3 bxc3 36.
Rc1 c2+ $1) 35... a4 $1 36. c3 b3 $1) 30. Rgh4 $1 Rf6 (30... Qe2 31. Qxe2 Nxe2
32. Bg6 $1) 31. R4h2 $1 Qe3 32. h6 $1 g6 33. c3 $1 bxc3 34. Re1 Qc5 35. Rc2 Rf7
36. Rxc3 $16 Qf2 37. Rb3 a4 38. Rb5 Bc5 39. a3 Ra8 40. Rf1 Qe3 41. Re1 Qf2 42.
Rf1 Qe3 43. Qc2 Bd4 44. Rd1 Qe2 45. Nxd4 exd4 46. Qxe2 Nxe2 47. Rb4 Ng3 48.
Rdxd4 Nxe4 49. fxe4 g5 50. e5 dxe5 51. Rg4 Rf5 52. Rb7 Re8 53. Rg7+ Kh8 54. d6
Rf1+ 55. Ka2 Rd1 56. d7 Rd8 57. Rxa4 Rd4 58. Re7 1-0

[Event "Rubinstein Memorial 32nd"]
[Site "Polanica Zdroj"]
[Date "1995.??.??"]
[Round "4"]
[White "Smirin, Ilia"]
[Black "De Firmian, Nick E"]
[Result "1/2-1/2"]
[WhiteElo "2630"]
[BlackElo "2605"]
[Annotator "Dolmatov,S"]
[PlyCount "143"]
[EventDate "1995.08.??"]
[EventType "tourn"]
[EventRounds "11"]
[EventCountry "POL"]
[EventCategory "14"]
[SourceTitle "CBM 049"]
[Source "ChessBase"]
[SourceDate "1995.12.01"]
[SourceVersion "1"]
[SourceVersionDate "1995.12.01"]
[SourceQuality "1"]

1. e4 {Baburin} c5 2. Nf3 d6 3. d4 cxd4 4. Nxd4 Nf6 5. Nc3 a6 6. Be3 e5 7. Nb3
Be6 8. f3 Nbd7 9. g4 Be7 10. Qd2 O-O 11. O-O-O b5 12. g5 b4 (12... Nh5 13. Kb1
Nb6 14. Nd5 Nxd5 15. exd5 Bd7 16. Na5 $40) 13. Ne2 Ne8 (13... Nh5 $5 14. Ng3
Nf4 15. h4 a5 16. Kb1 a4 17. Nc1 $5 $14) 14. Ng3 $6 (14. h4 a5 15. Kb1 Nc7 16.
f4 a4 17. Nbc1 b3 18. cxb3 axb3 19. f5 bxa2+ 20. Ka1 Bc4 21. Ng3 $40 {
Damjanovic,V-Vaulin,A/Belgrade/1993/}) (14. Kb1 $5 a5 15. f4 a4 16. Nbc1 exf4
17. Nxf4 Bxg5 18. Nxe6 Bxe3 19. Qxe3 fxe6 20. Bc4 $44) 14... a5 15. Kb1 Nc7 16.
f4 a4 17. Nc1 exf4 18. Bxf4 Nc5 (18... Ne5 19. Nf5 $40) 19. Nd3 (19. Qxb4 $5
$14) 19... b3 $1 20. Nxc5 bxa2+ (20... bxc2+ $2 21. Qxc2 $18) 21. Ka1 {Baburin:
This is a characteristic manoeuvre as well: White leaves the a2-pawn as a good
shelter for his King.} dxc5 22. Nf5 (22. Qxd8 $6 Rfxd8 $132) 22... Re8 23.
Nxe7+ $2 (23. Qxd8 Bxd8 $8 24. Nd6 Rf8 (24... Re7 25. Nb7 $40) 25. Be2 $132) (
23. Bd3 c4) (23. Qe1 $5 Qc8 24. Qc3 Bxf5 25. exf5 $40) 23... Qxe7 24. Bd6 Qd7
25. Bxc5 Qc6 26. Bb4 (26. Qd6 Qxe4 27. Bd3 Qb7 $13 28. Bd4 (28. Bb6 Rab8) 28...
Nb5) 26... Bg4 27. Re1 Bf3 (27... Rad8 28. Bd3) 28. Rg1 (28. Bg2 Rad8 29. Qf2
Bxe4 30. Bxe4 Rxe4 $10) 28... Bxe4 29. Rg4 Rad8 30. Qc3 Qxc3 31. Bxc3 Bxc2 32.
Rxe8+ Rxe8 33. Kxa2 $10 Nd5 34. Ka3 Rb8 35. Bd2 (35. Bc4 Ne3 36. Rf4 Bb3 37.
Bxb3 axb3 $15) 35... Rb3+ 36. Ka2 Rf3 37. Bc4 Bb3+ 38. Bxb3 axb3+ 39. Ka3 Rd3
40. Be1 Ne3 41. Re4 f5 42. gxf6 Nc2+ 43. Ka4 Nxe1 44. Rxe1 gxf6 45. Re8+ Kf7
46. Rb8 Rh3 (46... f5 47. Rxb3 $10) 47. Rxb3 Rxh2 48. Kb5 h5 49. Kc4 h4 50. Kd4
h3 51. Ke4 Re2+ 52. Kf4 h2 53. Rh3 Rxb2 54. Rh7+ Kg6 55. Rh8 Ra2 $10 56. Kf3
Kg5 57. Rh7 f5 58. Kg3 Ra4 59. Kg2 $1 $8 (59. Kxh2 $4 Rh4+ $19) (59. Rh8 $2
Rg4+ 60. Kf2 Rh4 $19) (59. Rxh2 $2 Ra3+ $19) 59... Rd4 (59... Rg4+ 60. Kh1 Kf4
61. Kxh2 $10) 60. Rh8 Kf4 61. Kxh2 Kf3 62. Ra8 Rd3 63. Ra7 f4 64. Rf7 Rd1 65.
Rf8 Rf1 66. Rh8 Re1 67. Rf8 Re4 68. Kg1 Ke2 69. Kg2 Ke3 70. Ra8 f3+ 71. Kf1 Rd4
72. Re8+ 1/2-1/2

[Event "Goodricke op 07th"]
[Site "Kolkata"]
[Date "1996.??.??"]
[Round "3"]
[White "Slobodjan, Roman"]
[Black "Szekely, Peter"]
[Result "1-0"]
[WhiteElo "2525"]
[BlackElo "2435"]
[Annotator "Dolmatov,S"]
[PlyCount "71"]
[EventDate "1996.02.??"]
[EventType "swiss"]
[EventRounds "11"]
[EventCountry "IND"]
[SourceTitle "CBM 050 Extra"]
[Source "ChessBase"]
[SourceDate "1996.03.01"]
[SourceVersion "1"]
[SourceVersionDate "1996.03.01"]
[SourceQuality "1"]

1. e4 c5 2. Nf3 d6 3. d4 cxd4 4. Nxd4 Nf6 5. Nc3 a6 6. h3 Nc6 (6... e5 7. Nde2
Be6 8. g4 Be7 9. Bg2 Nbd7 10. Ng3 O-O 11. Nf5 Nb6 12. O-O $14) 7. g4 g6 8. Bg2
(8. Be3 $5 Nxd4 (8... Bg7 9. Qe2 $5 O-O 10. O-O-O $36) 9. Bxd4 Bg7 10. g5 Nh5
11. Bxg7 Nxg7 12. Qd2 $16) 8... Nxd4 (8... Bg7 $2 9. Nxc6 bxc6 10. e5 $16) 9.
Qxd4 Bg7 10. Be3 O-O 11. Qd2 Be6 12. O-O $6 (12. Nd5 $5 Bxd5 (12... Nxd5 $6 13.
exd5 Bd7 14. O-O-O Rc8 15. Kb1 $14) 13. exd5 Nd7 14. c3 Ne5 15. Qe2 Rc8 $132)
12... Nd7 13. Rab1 Qa5 14. Nd5 Qxd2 15. Bxd2 (15. Nxe7+ $6 Kh8 16. Bxd2 Bxa2
17. Ra1 Bc4 18. Rfb1 Rfe8 19. Nd5 Bxd5 20. exd5 Re2 21. Rd1 Bxb2 22. Rab1 Bd4
$132) 15... Bxd5 16. exd5 Rfc8 17. c3 Rc7 $6 (17... Ne5 18. Rfe1 (18. f4 Nc4
19. Bc1 b5) 18... Kf8 19. Re2 Nc4 20. Be1 Bh6 $132) 18. Rfe1 Kf8 $2 $14 (18...
Ne5 19. Re2 Nc4 20. Be1 Bh6 $13) 19. Re2 b5 20. a3 Rb8 21. f4 Nb6 22. Bf3 Nc4
23. Be1 a5 24. Kg2 Rb6 $6 (24... a4 25. h4 Re8 26. g5 e6 27. dxe6 fxe6 28. Bg3
Kf7 29. Rbe1 $16) 25. h4 Rb8 26. g5 Re8 $6 (26... h6 $5 27. h5 gxh5 (27... hxg5
28. hxg6 (28. fxg5 gxh5 29. Bxh5 Ne5 $132) 28... gxf4) 28. Bxh5 hxg5 29. fxg5
$132) 27. h5 e5 28. dxe6 Rxe6 (28... fxe6 29. h6 Bh8 30. Bg3 d5 31. Rbe1 Rce7
32. Bf2 Kf7 33. Bg4 $16) 29. h6 Bh8 30. Bf2 $16 a4 (30... Rce7 31. Rbe1 $18)
31. Bg4 Rxe2 32. Bxe2 Re7 33. Bxc4 (33. Bf3 $16) 33... bxc4 34. Rd1 $18 Rd7 35.
Rd5 f6 36. Bd4 1-0

[Event "Rubinstein Memorial 32nd"]
[Site "Polanica Zdroj"]
[Date "1995.??.??"]
[Round "10"]
[White "Kaminski, Marcin"]
[Black "De Firmian, Nick E"]
[Result "1-0"]
[WhiteElo "2495"]
[BlackElo "2605"]
[Annotator "Dolmatov,S"]
[PlyCount "73"]
[EventDate "1995.08.??"]
[EventType "tourn"]
[EventRounds "11"]
[EventCountry "POL"]
[EventCategory "14"]
[SourceTitle "CBM 049"]
[Source "ChessBase"]
[SourceDate "1995.12.01"]
[SourceVersion "1"]
[SourceVersionDate "1995.12.01"]
[SourceQuality "1"]

1. e4 c5 2. Nf3 d6 3. d4 Nf6 4. Nc3 cxd4 5. Nxd4 a6 6. Be3 e5 7. Nb3 Be6 8. f4
exf4 (8... Qc7 9. f5 Bc4 10. g4 h6 11. Qf3 $14 {Lanka,Z-Apiccela,M/Torcy/1990/
Inf 50/276/}) 9. Bxf4 Nc6 10. Qd2 (10. Qe2 $5) 10... Be7 11. O-O-O Ne5 12. Nd4
(12. h3 $5 $14) (12. Be2 $5 $14) 12... O-O (12... Qd7 13. h3 O-O 14. g4 b5 15.
Bg2 {Lanka,Z-Stavru,A/Budapest/1991/ Inf 52/(241)}) 13. Nf5 (13. h3 $5 b5 14.
g4 b4 15. Nd5 $44) 13... Bxf5 14. exf5 Nh5 $5 (14... Qc8 15. Bd3 b5 16. Rhf1
$14 {Grosar,A-Istratescu,A/Biel/1993/}) 15. Be3 Ng4 16. Kb1 Nxe3 17. Qxe3 Bf6
18. g4 $5 (18. Nd5 Be5 19. Qf3 Nf6 20. Bc4 $14) 18... Re8 19. Qf3 Bxc3 20. Qxc3
Nf6 21. Qf3 Qb6 (21... d5 22. Bd3 $14) 22. Bc4 Rac8 23. Bb3 Re3 24. Qg2 Ne4 25.
g5 Rxb3 $4 (25... Nc5 26. g6 Nxb3 27. axb3 $14) (25... Nf2 $2 26. Bxf7+ (26.
Qxf2 Rxb3 27. Qxb6 Rxb6 28. Rd5 $14) 26... Kxf7 27. Qxf2 $18) 26. cxb3 $1 $18 (
26. axb3 $2 Nf2 27. Rxd6 Qxd6 28. Qxf2 $16) 26... Re8 (26... Nf2 27. Rc1 $18)
27. g6 fxg6 28. fxg6 d5 29. gxh7+ Kh8 30. Rhg1 Qh6 31. Rxd5 Nf6 32. Rdd1 Qxh7+
33. Ka1 Re7 34. Rd8+ Ne8 35. a3 Qh6 36. Ka2 a5 37. Qg5 1-0